Obálka
Pro půjčování e-knih musíte být přihlášeni.
Jak si půjčit online?

Vražda v knihkupectví /

Annie miluje detektivky a práce v knihkupectví je pro ni splněným snem. Jenže prodeje klesají, a tak uspořádá Detektivní festival, který zachrání i další podniky v ospalém městečku Redwood Grove – včetně hospody, jejíž majitel Liam akci moc nefandí. Ale pak je mezi regály s knihami...

Celý popis

Uloženo v:
Hlavní autor: Alexander, Ellie (Autor)
Další autoři: Oltová Sedláčková, Klára (Autor)
Médium: E-audiokniha
Vydáno: Praha : Albatros Media a.s., 2026
Tagy:
Žádné tagy
LEADER 02917nim a22005657i 4500
001 302372
007 sr nunnnnnnned
044 |a xr 
100 1 |a  Alexander, Ellie  |4 aut 
245 1 0 |a Vražda v knihkupectví /  |c  Alexander, Ellie 
240 1 0 |a The Body in the Bookstore 
264 1 |a Praha :  |b Albatros Media a.s.,  |c 2026 
300 |a 1 online zdroj (9 hod., 23 min., 0 sek.) 
336 |a mluvené slovo  |b spw  |2 rdacontent 
337 |a audio  |b s  |2 rdamedia 
338 |a online zdroj  |b cr  |2 rdacarrier 
505 0 0 |t 01_Kapitola 01 (19 min., 2 sek.) 
505 0 0 |t 02_Kapitola 02 (21 min., 23 sek.) 
505 0 0 |t 03_Kapitola 03 (23 min., 44 sek.) 
505 0 0 |t 04_Kapitola 04 (25 min., 40 sek.) 
505 0 0 |t 05_Kapitola 05 (14 min., 24 sek.) 
505 0 0 |t 06_Kapitola 06 (17 min., 53 sek.) 
505 0 0 |t 07_Kapitola 07 (20 min., 37 sek.) 
505 0 0 |t 08_Kapitola 08 (12 min., 55 sek.) 
505 0 0 |t 09_Kapitola 09 (21 min., 52 sek.) 
505 0 0 |t 10_Kapitola 10 (18 min., 6 sek.) 
505 0 0 |t 11_Kapitola 11 (11 min., 35 sek.) 
505 0 0 |t 12_Kapitola 12 (23 min., 9 sek.) 
505 0 0 |t 13_Kapitola 13 (23 min., 4 sek.) 
505 0 0 |t 14_Kapitola 14 (17 min., 48 sek.) 
505 0 0 |t 15_Kapitola 15 (19 min., 44 sek.) 
505 0 0 |t 16_Kapitola 16 (20 min., 11 sek.) 
505 0 0 |t 17_Kapitola 17 (18 min., 37 sek.) 
505 0 0 |t 18_Kapitola 18 (19 min., 53 sek.) 
505 0 0 |t 19_Kapitola 19 (15 min., 16 sek.) 
505 0 0 |t 20_Kapitola 20 (14 min., 15 sek.) 
505 0 0 |t 21_Kapitola 21 (24 min., 20 sek.) 
505 0 0 |t 22_Kapitola 22 (24 min., 0 sek.) 
505 0 0 |t 23_Kapitola 23 (24 min., 11 sek.) 
505 0 0 |t 24_Kapitola 24 (22 min., 14 sek.) 
505 0 0 |t 25_Kapitola 25 (19 min., 10 sek.) 
505 0 0 |t 26_Kapitola 26 (12 min., 48 sek.) 
505 0 0 |t 27_Kapitola 27 (18 min., 36 sek.) 
505 0 0 |t 28_Kapitola 28 (20 min., 16 sek.) 
505 0 0 |t 29_Kapitola 29 (17 min., 29 sek.) 
520 2 |a Annie miluje detektivky a práce v knihkupectví je pro ni splněným snem. Jenže prodeje klesají, a tak uspořádá Detektivní festival, který zachrání i další podniky v ospalém městečku Redwood Grove – včetně hospody, jejíž majitel Liam akci moc nefandí. Ale pak je mezi regály s knihami objevena zavražděná žena a Annie má možnost využít své znalosti ze studia kriminalistiky. Podezřelí přibývají a Liam se nečekaně stává jejím spojencem. Dokáže Annie odhalit vraha dřív, než se festival promění v ještě větší drama? 
700 1 |a  Oltová Sedláčková, Klára  |4 nrt 
910 |a RBIT002 
998 |d 426835  |a https://core.palmknihy.cz/api/books/426835/cover?teq84y  |b https://core.palmknihy.cz/api/books/426835/cover/400?teq84y  |c https://core.palmknihy.cz/api/books/426835/cover/50?teq84y  |e 2032-09-25  |i 9788026760672  |l 33780  |q 49  |r 1  |s https://www.palmknihy.cz/kniha/426835  |t audiobook  |y 2026  |z 1 
999 |d 302370